Eco-resorts : planning and design for the tropics /

Bibliographic Details
Main Author: Bromberek, Zbigniew
Format: Book
Published: Amsterdam London: Architectural, 2009.
Subjects:
LEADER 00795cam a2200229 7i4500
001 0000012836
005 20151104090000.0
005 ##20151104113700.0
003 ##MY-KlINT
020 # # |a 9780750657938  
039 # 9 |y 201511041137  |z VLOAD 
090 0 0 |a 728.50913   |b BRO 
100 1 # |a Bromberek, Zbigniew 
245 1 0 |a Eco-resorts :   |b planning and design for the tropics /   |c Zbigniew Bromberek. 
260 # # |a Amsterdam  |a London:   |b Architectural,   |c 2009. 
300 # # |a xvii, 237p:   |b ill., maps;   |c 28cm. 
500 # # |a Includes bibliographical references and index. 
650 # 0 |a Architecture, Tropical  
650 # 0 |a Architecture --   |x Environmental aspects --   |z Tropics  
650 # 0 |a Resort architecture  
650 # 0 |a Resort architecture --   |x Case studies  
999 |a 1107066834  |b BOOK  |c Main Non-Fiction  |e INTAN BK